LEADER 01088nam0 22003131i 450 001 RML0314991 005 20231121125753.0 100 $a20121121d2010 ||||0itac50 ba 101 | $aita 102 $ait 181 1$6z01$ai $bxxxe 182 1$6z01$an 200 1 $a˜Il œpiano Marshall e l'Italia$fFrancesca Fauri 210 $aBologna $cIl Mulino $d©2010 215 $a283 p.$d22 cm 225 | $aSaggi $v726 410 0$1001RML0332287$12001 $aSaggi $v726 606 $aItalia$xStoria$xPiano Marshall$x1947-1951$2FIR$3RMLC423161$9I 676 $a338.9173045$9$v21 676 $a945.09$9$v21 700 1$aFauri$b, Francesca$3RMLV203371$0125985 801 3$aIT$bIT-01$c20121121 850 $aIT-FR0017 899 $aBiblioteca umanistica Giorgio Aprea$bFR0017 912 $aRML0314991 950 0$aBiblioteca umanistica Giorgio Aprea$d 52CIS 12/1750$e 52VM 0000855935 VM barcode:00079814. - Inventario:38676 FLSVM$fA $h20101108$i20121204 977 $a 52 996 $aPiano Marshall e l'Italia$9763382 997 $aUNICAS LEADER 01807nam 2200505 450 001 9910799297203321 005 20221108064832.0 024 7 $a2027/heb31366 035 $a(CKB)2670000000416192 035 $a(dli)HEB31366 035 $a(MiAaPQ)EBC5485129 035 $a(MiU)MIU01000000000000012432040 035 $a(EXLCZ)992670000000416192 100 $a20180823d2004 uy 0 101 0 $aeng 135 $aurmnummmmuuuu 181 $ctxt$2rdacontent 182 $cc$2rdamedia 183 $acr$2rdacarrier 200 00$aJews in independent Poland, 1918-1939 /$fedited by Antony Polonsky, Ezra Mendelsohn and Jerzy Tomaszewski 210 1$aOxford ;$aPortland, Oregon :$cThe Littman Library of Jewish Civilization,$d2004. 215 $a1 online resource (xxi, 457 p. )$cmaps ; 225 1 $aPolin : Studies in Polish Jewry ;$vVolume 8 300 $a"Published for The Institute for Polish-Jewish Studies and The American Association for Polish-Jewish Studies." 311 $a1-904113-22-2 320 $aIncludes bibliographical references and index. 410 0$aPolin (Series) ;$vVolume 8.$x0268-1056 606 $aJews$zPoland$xHistory 607 $aPoland$xEthnic relations 607 $aPoland$xHistory$y1918-1945 615 0$aJews$xHistory. 676 $a943.8004924 702 $aPolonsky$b Antony 702 $aMendelsohn$b Ezra 702 $aTomaszewski$b Jerzy$f1930-2014, 712 02$aInstitute for Polish-Jewish Studies (Oxford, England) 712 02$aAmerican Association for Polish-Jewish Studies. 712 02$aAmerican Council of Learned Societies. 801 0$bMiAaPQ 801 1$bMiAaPQ 801 2$bMiAaPQ 906 $aBOOK 912 $a9910799297203321 996 $aJews in independent Poland, 1918-1939$92043741 997 $aUNINA